Представление документа в формате MARC21

Поле Инд. ПП Название Значение
Тип записи a
Библиографический уровень m
001 _ Контрольный номер RU/URAIT/474910
005 _ Дата корректировки 20250915104103.2
008 Кодируемые данные 181114s2021 RU y f j 000 0 rus u
020 a ISBN 978-5-534-08912-7
c Цена, тираж 1199.00
040 a Служба первич. каталог. ИКО Юрайт
c Служба, преобразующая запись ИКО Юрайт
e Правила каталог. RCR
041 a Код языка текста rus
044 a Код страны публикации RU
080 a Индекс УДК 930.85(075.8)
084 2 Источник индекса rubbk
a Индекс другой классификации/Индекс ББК 63.3я73
100 1_ a Автор Харин Алексей Николаевич
q Полное имя Алексей Николаевич
245 a Заглавие История мировых цивилизаций
b Продолж. заглавия Учебник и практикум для вузов
c Ответственность Харин А. Н.
250 g испр. и доп
a Основные сведения об издании 2-е изд.
256 a Характеристики компьютерного файла Электрон. дан.
260 a Место издания Москва
b Издательство Юрайт
c Дата издания 2021
300 a Объем 392 с
440 a Серия Высшее образование
500 a Примечание URL: https://urait.ru/bcode/474910 (дата обращения: 23.11.2021).
520 a Аннотация В курсе приведена характеристика мировых цивилизаций, оказавших влияние на Евроатлантику и Россию (античная и византийская), а также тех культур, которые существуют и в наше время (цивилизации Китая, Индии, ислама, Запада и России). Главное внимание уделяется истории и специфике цивилизаций.
538 a Прим. о системных особенностях Режим доступа: Электронно-библиотечная система Юрайт, для авториз. пользователей
653 a Ключевые слова История
653 a Ключевые слова Гуманитарные и общественные науки.
653 a Ключевые слова История мировых цивилизаций
856 40 u URL https://urait.ru/bcode/474910
x Примечание для ЭОР https://urait.ru/book/cover/EDED4E6E-9B7F-4BF6-9DE7-A77DF61F3E6C
z Примечание для пользователя Участвует в КО
856 41 u URL https://urait.ru/book/cover/EDED4E6E-9B7F-4BF6-9DE7-A77DF61F3E6C